00753nam a2200193 i 450000100060000000300090000600700030001500800410001810000350005924500670009426000920016130000260025349000380027950500370031783000460035485200210040099900170042195201210043876414ES-MaACLt|041001s1954 po ||||1| spa d1 aGuerra da Cal, Ernesto.96050910aLengua y estilo de Eça de Queiroz / cErnesto Guerra da Cal. a[S.l.] : bUniversidade de Coimbra, c1954 (eCoimbra : fGraf. da Imprensa de Coimbra) aIX, 391 p. ; c22 cm.1 aActa Universitatis Conimbrigensis8 aContiene: I: Elementos básicos00aActa Universitatis Conimbrigensis9181764 aES-MaACLjE-3549 c76414d76414 00104070aATENEOMbATENEOMcDEPO2d2008-01-17eSCl0oE-3549p1079967r2023-02-23 00:00:00w2023-02-23yMONOGRAFIA